| 000 | 00426nab a2200145Ia 4500 | ||
|---|---|---|---|
| 003 | ES-SlBCS | ||
| 005 | 20210601125448.0 | ||
| 008 | 140529s1980-81 xxu||||| |||| 00| 0 eng d | ||
| 041 | _aeng | ||
| 100 | 1 |
_aDreufus, Hubert L. _9158950 |
|
| 245 | 0 | 0 |
_aHolism and Hermeneutics _c Hubert L. Dreufus |
| 650 | 0 | 4 |
_aHolismo-Hermenéutica _9158951 |
| 773 | 0 |
_tReview of Methaphysics _gvol. 34, 1980-81, págs. 3-24 _wRev843 |
|
| 942 | _cAR | ||
| 999 |
_c530739 _d530739 |
||